[Event "Hoogovens"]
[Site "Wijk aan Zee"]
[Date "1996.01.20"]
[Round "6"]
[White "Tiviakov, Sergei"]
[Black "Adams, Michael"]
[Result "1-0"]
[WhiteElo "2625"]
[BlackElo "2660"]
[Annotator "Blatny,P"]
[PlyCount "75"]
[EventDate "1996.01.13"]
[EventType "tourn"]
[EventRounds "13"]
[EventCountry "NED"]
[EventCategory "17"]
[SourceTitle "CBM 051"]
[Source "ChessBase"]
[SourceDate "1996.04.01"]
[SourceVersion "1"]
[SourceVersionDate "1996.04.01"]
[SourceQuality "1"]

1. e4 c6 2. d4 d5 3. Nd2 dxe4 4. Nxe4 Nd7 5. Bd3 Ngf6 6. Ng5 e6 7. N1f3 Bd6 8.
Qe2 h6 9. Ne4 Nxe4 10. Qxe4 Nf6 11. Qe2 b6 (11... Qc7 $5 12. Bd2 b6 13. O-O-O {
-> 13.000}) 12. Bd2 (12. Ne5 $142 $5 Qc7 13. f4) 12... Bb7 $6 (12... Qc7 $5 13.
O-O-O Bb7 {-> 13.000}) 13. Ne5 $1 (13. O-O-O Qc7 14. Kb1 O-O-O 15. c4 c5 16.
Bc3 Rhg8 17. Rhe1 Kb8 18. Bc2 cxd4 19. Nxd4 a6 20. g3 Ka7 21. f4 Rc8 22. Nf3
Rgd8 23. Ne5 Ne8 24. h3 a5 25. b3 Bc5 26. Bb2 g6 27. g4 g5 28. fxg5 hxg5 {
Svidler,P-Vyzmanavin,A/Novgorod op (07) ;EXP 49 1995/1/2-1/2 (67)}) 13... Qc7 (
13... c5 {Dieser sofortige Gegenstoß führt zu einer für Weiß vorteilhaften
Stellung.} 14. dxc5 Bxc5 15. O-O-O (15. f4 $5)) (13... Bxe5 14. dxe5 {überläßt
Weiß Raumvorteil und das Läuferpaar.}) 14. f4 $1 {Die konsequente Fortsetzung
des mit 13.Ne5 begonnenen Planes: Weiß befestigt seinen Vorposten.} (14. O-O-O
c5 $1 {Unterminierung des Springervorpostens.} 15. Bb5+ Ke7 16. dxc5 Qxc5 17.
Bc3 Rhd8 18. Bd4 Qc7 19. Rhe1 Kf8 20. c3 a6 21. Bd3 b5 22. Kb1 b4 {1/2-1/2
Leko,P-Karpov,An/Dortmund (08) ;CBM 48 1995 (56)}) 14... c5 (14... O-O-O 15.
O-O-O {und Weiß hat dauerhaften Vorteil wegen der Schwäche von f7.}) (14... O-O
{Die sofortige kurze Rochade ist riskant. Schwarz gerät in heftigen Angriff:}
15. O-O-O {Weiß braucht kein Risiko einzugehen.} (15. g4 $5 c5 16. Rg1 (16. g5
$6 hxg5 $1 17. fxg5 Bxe5 18. dxe5 Nd7 {ist ein Schlag ins Leere.}) 16... cxd4
17. g5 {mit starkem Angriff.}) 15... c5 16. dxc5 (16. Rhg1 $5 cxd4 17. g4 {
mit der Idee g4-g5 sieht einladend für Weiß aus, ebenso wie}) (16. Rhe1 $5 cxd4
17. g4) 16... Bxe5 $6 {wird widerlegt:} (16... Qxc5 $142 {führt zur mit
Zugumstellung zur Partie.}) 17. fxe5 Nd7 18. Rhe1 $1 (18. Bxh6 $6 {ist zu
überstürzt.} gxh6 (18... Nxe5 $5 $13) 19. Qg4+ Kh8 20. Qf4 (20. Qh4 Kg7) 20...
Kg7 21. Qg4+ $10 (21. Rhe1 $5)) (18. cxb6 Qxe5 (18... axb6 19. Bb4) 19. bxa7
Rxa7 20. Kb1 $16 (20. a3 $2 Rxa3 $1)) 18... Nxc5 19. Bxh6 $1 f5 (19... gxh6 20.
Qg4+ Kh8 21. Qh4 (21. Qf4 $6 f5 22. Qxh6+ Qh7) 21... Nxd3+ 22. Rxd3 $18 f5 (
22... Kh7 23. Rh3) 23. Qxh6+ (23. exf6 $5) 23... Qh7 24. Qxh7+ Kxh7 25. Rd7+)
20. exf6 gxh6 21. Qg4+ Kh8 22. Qh4 $18) 15. dxc5 (15. Bb5+ $6 Ke7 $1 $13) 15...
Qxc5 (15... Bxc5 16. O-O-O $16) (15... Bxe5 16. fxe5 Nd7 17. cxb6 axb6 18. Bc3
$18) 16. O-O-O (16. Bb5+ $6 Ke7 $1) 16... O-O 17. Kb1 (17. Rhe1 $6 Qd5 $1) (17.
Rhg1 Bxe5 18. fxe5 Nd7 $132 {xe5}) 17... Rfd8 (17... Bxe5 18. fxe5 Nd7 19. Rhe1
$16) 18. Rhe1 {/\ g2-g4-g5} Rac8 (18... Nd7 $4 19. Nxf7 Kxf7 20. Qxe6+ Kf8 21.
Bc4 $18) (18... Bxe5 19. fxe5 $40 {/\ g2-g4-g5}) 19. g4 {/\ 20.Nxf7} Bxe5 20.
fxe5 Ne4 $1 (20... Nd5 21. g5 $40) (20... Nd7 21. g5 hxg5 22. Bxg5 $40) (20...
Nh7 21. h4 {/\ g4-g5}) 21. Bc1 $1 (21. Bxe4 $2 Bxe4 22. Qxe4 Rd4 23. Be3 (23.
Qe2 $2 Qxc2+ 24. Ka1 Rcd8 $19) 23... Rxe4 24. Bxc5 Rxe1 25. Rxe1 Rxc5 $15) (21.
Bxh6 Nc3+ (21... Qxe5 $2 22. Bc1 f5 23. gxf5 exf5 24. Bc4+ $16) 22. bxc3 gxh6
23. Qd2 Ba6 $1 24. Qxh6 Bxd3 25. Qg5+ Kf8 (25... Kh8 26. Qh4+ Kg7 27. Qg5+ $10)
26. Qh6+ Ke7 27. Qf6+ Ke8 28. Qh8+ Ke7 29. Qf6+ $10) 21... Qb4 (21... Ng5 22.
Rf1 {/\ h2-h4, g2-g4-g5}) (21... Nf2 $2 22. Be3 $18) (21... Qxe5 $2 22. Bxe4
Rxd1 (22... Bxe4 23. Rxd8+ Rxd8 24. Qxe4 $18) 23. Bh7+ Kxh7 24. Qxe5 $18) 22.
Ka1 (22. Bxe4 Rxd1 23. Rxd1 Bxe4 24. Rd2 Bd5 $17) 22... Nc5 23. c3 Qa5 $6 (
23... Qa4 $142 24. Bc2 Qc6 $5 {Tiviakov} (24... Ba6 25. Rxd8+ Rxd8 26. Rd1 Qe8
27. Qf3 Bb7 $132) (24... Rxd1 25. Rxd1 (25. Qxd1 $5) (25. Bxa4 Rxe1 26. Qxe1
Nxa4 27. Qd1 Nc5 28. Be3 Bd5 29. h4 Nd7 30. Bd4 $16) 25... Qc6 (25... Ba6 26.
Qd2 {/\} Qxg4 $4 27. Qd8+ Rxd8 28. Rxd8#) 26. g5 hxg5 27. Qh5 $40) (24... Bf3
$5 25. Bxa4 Bxe2 26. Rxe2 Nxa4 27. Red2 $14)) 24. Bc2 {/\ b2-b4} (24. b4 $4
Nb3+ 25. Kb2 Nxc1 26. Rxc1 Qd5 $17) 24... Rxd1 $6 (24... Ba6 $142 25. Rxd8+
Rxd8 26. Rd1 Rf8 (26... Rxd1 27. Qxd1 $16) (26... Nb3+ $2 27. Kb1 (27. Bxb3 $4
Bxe2 28. Rxd8+ Kh7 $19) 27... Rc8 (27... Nxc1 $4 28. Rxd8#) 28. Qe4 Nxc1 29.
Qh7+ Kf8 30. Rd7 $1 Qxa2+ (30... Ke8 31. Rxa7 $18) 31. Kxc1 Qa1+ 32. Kd2 Ke8
33. Qg8+ Kxd7 34. Qxf7+ Kc6 (34... Kd8 35. Qf8+ Kc7 36. Qd6+ Kb7 37. Be4+ Rc6
38. Bxc6+ Kc8 39. Qd7+ Kb8 40. Qd8+ Bc8 41. Qd6#) 35. Be4+ Kb5 36. Qd7+ Kc4 37.
Qxe6+ Kb5 38. Qb3+ Kc5 39. Qd5#) 27. c4 $16) 25. Rxd1 Ba6 26. Qd2 $1 {/\ 27.b4;
27.Qd8 Rxd8 28.Rxd8#} Nb7 (26... Qb5 27. Qd8+ Qe8 28. Qxe8+ Rxe8 29. b4 Nb7 30.
Rd7 $18) 27. Qd7 $1 Rf8 $6 (27... Qc5 $8 28. Be3 $5 (28. g5 $5) 28... Qc7 (
28... Qf8 29. Qa4 $18) 29. Qxc7 Rxc7 $16) 28. Qd4 $18 {/\ 29.Qe4} Rc8 29. Qe4
g6 30. Bxh6 Bc4 31. a3 Bd5 32. Qf4 $1 Rxc3 33. Rxd5 exd5 34. Qf6 (34. e6 $18)
34... Rxa3+ 35. bxa3 Qxa3+ 36. Kb1 Qb4+ 37. Kc1 Qe1+ 38. Kb2 1-0

[Event "Dortmund SuperGM 31st"]
[Site "Dortmund"]
[Date "2003.08.03"]
[Round "4"]
[White "Leko, Peter"]
[Black "Bologan, Viktor"]
[Result "0-1"]
[WhiteElo "2745"]
[BlackElo "2650"]
[Annotator "Bologan,V"]
[PlyCount "92"]
[EventDate "2003.07.31"]
[EventType "tourn"]
[EventRounds "10"]
[EventCountry "GER"]
[EventCategory "18"]
[SourceTitle "CBM 097"]
[Source "ChessBase"]
[SourceDate "2003.11.11"]
[SourceVersion "1"]
[SourceVersionDate "2003.11.11"]
[SourceQuality "1"]

1. e4 c6 2. d4 d5 3. Nc3 dxe4 4. Nxe4 Nd7 5. Bc4 {A new move in Peter's
practice. He always sticked to 5.Ng5 which played Naiditsch in the first round
against me.} Ngf6 6. Ng5 e6 7. Qe2 Nb6 8. Bd3 h6 9. N5f3 c5 10. Be3 {Much more
offen was played} (10. dxc5) 10... Qc7 11. Ne5 a6 12. Ngf3 cxd4 {A novelty
which later will lead to already played 12...Nbd5} 13. Bxd4 Nbd5 14. O-O Bc5 $6
{After this the game transpose to the famous Roublevsky-Karpov game. For some
uknown reasons I rejected the most essential} (14... Nf4 $1 15. Qd2 Nxd3 {
Here Sergei in his informant comments sugests as the best} 16. cxd3 (16. Qxd3
Be7 17. Nc4 b5 18. Nb6 Rb8 19. Nxc8 Rxc8 20. c3 O-O {=}) 16... Qd8 $1 {
Improvement to Rublevsky's analysis} 17. Rac1 (17. Nc4 b5 18. Nb6 Rb8 19. Nxc8
Rxc8 20. Rac1 Be7 21. Rxc8 Qxc8 22. Rc1 Qb7 23. Be5 Qa8 $1 $11) 17... Bd6 18.
Nc4 Bc7 {=}) 15. Bb5+ Kf8 $6 {The paradox is that after} (15... Ke7 16. Nc6+
Ke8 $1 {the best what white can achieve is slightly better position after} (
16... bxc6 17. Bxc5+ $16) 17. Nb4+ (17. Nce5+ Ke7) 17... Kf8 18. Nxd5 Nxd5 19.
Bxc5+ Qxc5 20. Bc4 Nf6 21. Rad1 Bd7 22. Ne5 $14) 16. Bxc5+ Qxc5 17. Bc4 $1 {
Actually this idea I underestimated by playing Bc5. Now white won't loose
tempos on retreating his bishop to b3 - he will take on d5 and fight for the
d-file.} Ke7 {Improvement to Karpov's game but not too important.} (17... g6
18. Bxd5 Nxd5 19. c4 Nf6 20. a3 Bd7 21. Rfd1 Be8 22. b4 Qe7 23. Qb2 $16 {
Rublevsky Sergei(2685) - Karpov Anatoly(2725), Polanica Zdroj 1998 Memorial A.
Rubinstein (cat.17)}) 18. Bxd5 $6 {Better was to exchange a couple of rooks
too. That what Leko told me after the game. Later home I couldn't find any
comfortable settlement for black.} (18. Rad1 Rd8 (18... b5 19. Bxd5 Nxd5 20.
Nd4 $16) 19. Bxd5 Rxd5 20. Rxd5 Nxd5 21. Rd1 Nf6 (21... b5 22. Qe4 $16) 22. Qd3
Qc7 23. Nc4 Kf8 (23... Bd7 24. Qa3+) 24. Nfe5 $18) 18... Nxd5 19. c4 Nf6 20.
Rfd1 (20. Rad1 Bd7 21. Nd4 Rhd8 22. Qe3 Ke8 23. Nxe6 Qxe3 24. Nc7+ Kf8 25. fxe3
Rac8 26. Nd5 Be6) 20... Bd7 21. b4 $6 {This move doesn't harme black at all.
Even worse it weakens the queeneside pawns and improves the position of black
queene.} (21. Nd4 Rhd8 22. Qe3 Ke8) (21. Rd3 Rhd8 22. Rad1 Be8 23. Nd4 Rdc8 24.
Nf5+ Kf8 25. Nd6 Rc7 $14) 21... Qc7 22. Nd4 Rhd8 23. Rd3 {Interesting was the
exchange sarifice after} (23. Nf5+ $5 Kf8 24. Nd6 Ba4 25. c5 {!} (25. Nexf7
Bxd1 26. Rxd1 Rd7) 25... Bxd1 26. Rxd1 {with good compensation for white.})
23... Kf8 24. Rad1 Be8 $13 {At this moment started to fall into a deep
thoughts. It's difficult to find a direct plan for white so he decides to
seccure his king first.} 25. h3 Nd7 $5 {Sharpening the game. I was afraid of
playing} (25... Kg8 {because of white attack on the king. But now I see that
it's not so easy for white to attack because his center is not seccured.} 26.
Rg3 (26. g4 Qe7 27. a3 Nd7) 26... b6 27. Qe3 Nh5) 26. Ng4 {After} (26. Nxd7+
Bxd7 27. c5 Ba4 {Black holds.}) 26... Qxc4 27. Qd2 $6 {Later Raj Tischbierek
told me that perhaps} (27. Qe4 $5 {was winning. Now I see that} h5 $1 {keeps
black into the play.} (27... e5 28. Ne3 {!} Nf6 (28... Qc8 29. Qh7 $18) 29.
Nxc4 Nxe4 30. Ne6+) (27... Kg8 28. Nxh6+ gxh6 29. Rg3+ Kf8 30. Qf4 f6 31. Re1
e5 32. Qxh6+ Ke7 33. Rg7+ Bf7 34. Nf5+ Ke6 35. Rxf7 Kxf7 36. Qg7+ Ke6 37. Qe7+
Kd5 38. Qd6#) 28. Ne3 Qc7 29. Qh7 (29. Qxe6 Nf6 30. Qc4 Qxc4 31. Nxc4 b5) 29...
Nf6 30. Qh8+ Ng8 31. Nef5 exf5 32. Nxf5 Qe5 33. Rxd8 Rxd8 34. Rxd8 Qxf5 35.
Rxe8+ Kxe8 36. Qxg8+ Ke7 37. Qxg7 Qb1+ 38. Kh2 Qxb4 {=}) 27... Rac8 $2 {
General consideration move after which black knight on d7 get's pinned for a
good part of the game. Better was} (27... a5 28. Nxh6 (28. Nb3 Qxb4 29. Qxb4+
axb4 30. Nc5 Ke7) (28. bxa5 Nc5 29. Rc3 Qb4) (28. a3 axb4 29. Ne3 Qc5 30. axb4
Qc7) 28... Qxb4 29. Qe3 Qe7 $15) 28. Nb3 (28. Qf4 e5 29. Nxe5 Nxe5 30. Qxe5 Rd5
) 28... Qc7 29. Rc1 Qb8 30. Rxc8 Qxc8 31. b5 $1 {Now white wants to penetrate
to e7 where his queene will create many threats.} Qc4 (31... h5 32. Ne5 f6 33.
bxa6 fxe5 (33... bxa6 34. Rc3) 34. Qb4+ Kf7 35. axb7 Qc7 36. Qa5 Qb8 37. a4 $36
) (31... axb5 32. Qb4+ Kg8 33. Nxh6+ Kh7 (33... Kh8 34. Qh4) 34. Qe4+ g6 35.
Qh4 Kg7 36. Ng4 $18) 32. bxa6 bxa6 33. Rd6 $4 {If Leko would play} (33. Ne5 {
the tournament would go different for him.} Qc7 (33... Qb5 34. Qa5 $1) 34. Qb4+
Kg8 35. Qe7 $18) 33... Qb5 34. Nd4 Qb1+ 35. Kh2 Rc8 36. Nb3 Nc5 (36... h5 37.
Rxd7 hxg4 38. Qd6+ Kg8 39. Rd8) 37. Nxc5 Rxc5 38. Rxa6 (38. Rxe6 Qb8+ 39. Qd6+
Qxd6+ 40. Rxd6 Ra5 41. Rd2 f5 42. Ne3 Bf7 $17) 38... Qb8+ 39. Kg1 {'time'} (39.
f4 Rb5 $15) (39. Qd6+ Qxd6+ 40. Rxd6 Rc2 41. Kg3 Rxa2 $17) 39... Rb5 40. Ne3 $4
{The loosing move. Last chance was to go for a very unpleasant position rook
and bishop against knight and bishop.} (40. Qd6+ Qxd6 41. Rxd6 Rb1+ 42. Kh2 Rb2
$17) 40... Rb1+ 41. Nd1 {Here I took a cup of tee let the 10 minutes pass and
made the first of two winnings moves.} Qe5 {!$19} 42. Ra3 (42. Ra8 Qd5) 42...
Qg5 $1 {Mister second!} 43. Re3 (43. Qd4 Qd5 44. Rd3 Ba4) (43. Qd6+ Qe7) 43...
Ba4 44. Kh2 Qf4+ 45. g3 Rxd1 $1 46. Qd8+ {Desperation!} Rxd8 0-1

[Event "Bugojno"]
[Site "Bugojno"]
[Date "1978.03.11"]
[Round "12"]
[White "Karpov, Anatoly"]
[Black "Hort, Vlastimil"]
[Result "1-0"]
[WhiteElo "2725"]
[BlackElo "2620"]
[Annotator "Bulletin"]
[PlyCount "49"]
[EventDate "1978.02.27"]
[EventType "tourn"]
[EventRounds "15"]
[EventCountry "YUG"]
[EventCategory "14"]
[SourceTitle "MCL"]
[Source "ChessBase"]
[SourceDate "1999.07.01"]
[SourceVersion "1"]
[SourceVersionDate "1999.07.01"]
[SourceQuality "1"]

1. e4 c6 2. d4 d5 3. Nd2 dxe4 4. Nxe4 Nd7 5. Nf3 Ngf6 6. Nxf6+ Nxf6 7. Ne5 Bf5
$6 (7... Be6 8. c3 g6 9. Bd3 Bg7 10. O-O O-O 11. Qe2 c5 12. dxc5 Qc7 {
Timoschenko-Razuvaev, USSR 1971}) 8. c3 e6 (8... Nd7 9. Nxf7 Kxf7 10. Qf3 e6
11. g4 Qf6 12. gxf5 Qxf5 13. Qe3 $14 {Kavalek-Barcza, Caracas 1971} (13. Qxf5+
exf5 14. Bc4+ Kf6 15. Rg1 $16 {Boleslavsky})) 9. g4 Bg6 10. h4 h5 (10... Bd6
11. Qe2 $1 c5 (11... Bxe5 12. dxe5 Qd5 13. Rh3 Nxg4 14. Qxg4 Qxe5+ 15. Re3 $18
{Mecking-Miles, Wijk aan Zee 1978}) 12. Bg2 $1 (12. dxc5 $5 Be4 13. cxd6 Bxh1
14. Bf4 $13) 12... cxd4 13. h5 $16) 11. g5 Nd5 12. Nxg6 fxg6 13. Qc2 Kf7 (13...
Ne7 14. Bc4 {/\Qe4}) 14. Rh3 Ne7 15. Bc4 Nf5 16. Rf3 Qd7 17. Rxf5+ $1 $18 gxf5
18. Qxf5+ Ke7 19. Qe4 Re8 20. Bf4 Kd8 21. Qe5 Rg8 22. O-O-O g6 23. Re1 Bg7 24.
Qb8+ Ke7 (24... Qc8 25. Qxa7) 25. Rxe6+ $1 (25. Rxe6+ Qxe6 26. Qc7+ Qd7 27.
Bd6#) 1-0

[Event "Hastings 8899"]
[Site "Hastings"]
[Date "1988.??.??"]
[Round "?"]
[White "Short, Nigel D"]
[Black "Speelman, Jonathan S"]
[Result "0-1"]
[WhiteElo "2665"]
[BlackElo "2645"]
[Annotator "ChessBase"]
[PlyCount "70"]
[EventDate "1988.12.??"]
[EventType "tourn"]
[EventRounds "14"]
[EventCountry "ENG"]
[EventCategory "14"]
[SourceTitle "CBM 011"]
[Source "ChessBase"]
[SourceDate "1989.08.01"]
[SourceVersion "1"]
[SourceVersionDate "1989.08.01"]
[SourceQuality "1"]

1. e4 c6 2. d4 d5 3. Nc3 dxe4 4. Nxe4 Nd7 5. Bc4 Ngf6 6. Ng5 e6 7. Qe2 Nb6 8.
Bb3 h6 9. N5f3 c5 10. Bf4 Nbd5 11. Be5 Qa5+ 12. Nd2 b5 13. c4 bxc4 14. Bxc4 Nb6
15. b4 $5 Qxb4 16. Rb1 Qa5 17. Bb5+ Bd7 18. Bxf6 gxf6 19. Ngf3 cxd4 $1 20. O-O
$5 (20. Bxd7+ $5 Nxd7 21. O-O $13) 20... Rd8 $1 21. Ne4 Be7 22. Nxd4 Kf8 23.
Rfd1 f5 24. Ng3 Bxb5 25. Nxb5 Nd5 26. Rb3 h5 27. Nd4 Nf4 28. Qf1 Qxa2 29. Rf3
h4 30. Ngxf5 $6 exf5 {Remisangebot von Schwarz} 31. Rxf4 {Weiß lehnt
Reisangebot ab!} Rh6 $1 {Der Turm guckt nach d6 und b6} 32. Ra1 Qd2 33. Ne2 Re6
34. Rxf5 Qxe2 35. Qc1 Red6 0-1

[Event "Linares cf"]
[Site "Linares"]
[Date "1987.??.??"]
[Round "7"]
[White "Sokolov, Andrei"]
[Black "Karpov, Anatoly"]
[Result "1/2-1/2"]
[WhiteElo "2645"]
[BlackElo "2710"]
[Annotator "ChessBase"]
[PlyCount "82"]
[EventDate "1987.02.??"]
[EventType "match"]
[EventRounds "11"]
[EventCountry "ESP"]
[SourceTitle "Candidates"]
[Source "ChessBase"]
[SourceDate "1999.07.01"]
[SourceVersion "2"]
[SourceVersionDate "1999.07.01"]
[SourceQuality "1"]

1. e4 c6 2. d4 d5 3. Nd2 dxe4 4. Nxe4 Nd7 5. Bc4 Ngf6 6. Ng5 e6 7. Qe2 Nb6 8.
Bd3 h6 9. N5f3 c5 10. dxc5 Bxc5 11. Ne5 Nbd7 12. Ngf3 Qc7 13. O-O O-O 14. Bd2
Bd6 15. Nxd7 (15. Rfe1 Nc5 16. Bc4 a6 $10) 15... Bxd7 16. Rae1 Rfd8 $1 (16...
Bc6 17. Ne5 Be4 $10) 17. Ne5 Bb5 $1 $10 18. Bxb5 Bxe5 19. Qxe5 Qxe5 20. Rxe5
Rxd2 21. Bd3 Rc8 22. Ree1 b5 (22... Nd5 23. Rd1 Rxd1 24. Rxd1 Nf4 $10) 23. a3
Nd5 24. Rd1 Rxd1 25. Rxd1 a5 26. g3 b4 27. axb4 Nxb4 28. c3 Nxd3 29. Rxd3 Rb8
30. Rd2 a4 31. Kf1 Rb3 32. Ke2 a3 33. bxa3 Rxa3 34. Kd3 Kf8 35. Kc4 Ra8 36. Kb3
Rb8+ 37. Kc2 Rc8 38. Rd7 Ke8 39. Rb7 Rc5 40. Rb8+ Ke7 41. Rb7+ Ke8 1/2-1/2

[Event "Linares cf"]
[Site "Linares"]
[Date "1987.??.??"]
[Round "3"]
[White "Sokolov, Andrei"]
[Black "Karpov, Anatoly"]
[Result "1/2-1/2"]
[WhiteElo "2645"]
[BlackElo "2710"]
[Annotator "ChessBase"]
[PlyCount "40"]
[EventDate "1987.02.??"]
[EventType "match"]
[EventRounds "11"]
[EventCountry "ESP"]
[SourceTitle "Candidates"]
[Source "ChessBase"]
[SourceDate "1999.07.01"]
[SourceVersion "2"]
[SourceVersionDate "1999.07.01"]
[SourceQuality "1"]

1. e4 c6 2. d4 d5 3. Nc3 dxe4 4. Nxe4 Nd7 5. Nf3 Ngf6 6. Nxf6+ Nxf6 7. Ne5 Be6
8. Be2 g6 9. O-O Bg7 10. c4 O-O 11. Be3 Ne4 $5 12. Qc2 Nd6 13. b3 (13. Rad1 Qa5
14. f4 $13) 13... c5 $1 $10 14. Rad1 Nf5 15. d5 (15. dxc5 Nxe3 16. fxe3 Qc8 17.
Nd3 Bf5 18. b4 Bh6 19. Qc1 a5 20. a3 axb4 21. axb4 Ra2 $36) 15... Bxe5 16. dxe6
Qc7 17. exf7+ Rxf7 18. g3 Raf8 (18... Bxg3 19. hxg3 Nxe3 20. fxe3 Qxg3+ $10)
19. Bg4 $1 Nxe3 20. fxe3 Rxf1+ 1/2-1/2

[Event "Linares cf"]
[Site "Linares"]
[Date "1987.??.??"]
[Round "5"]
[White "Sokolov, Andrei"]
[Black "Karpov, Anatoly"]
[Result "1/2-1/2"]
[WhiteElo "2645"]
[BlackElo "2710"]
[Annotator "ChessBase"]
[PlyCount "75"]
[EventDate "1987.02.??"]
[EventType "match"]
[EventRounds "11"]
[EventCountry "ESP"]
[SourceTitle "Candidates"]
[Source "ChessBase"]
[SourceDate "1999.07.01"]
[SourceVersion "2"]
[SourceVersionDate "1999.07.01"]
[SourceQuality "1"]

1. e4 c6 2. d4 d5 3. Nd2 dxe4 4. Nxe4 Nd7 5. Nf3 Ngf6 6. Nxf6+ Nxf6 7. Ne5 Nd7
8. Be3 $5 Nxe5 9. dxe5 Bf5 (9... Qxd1+ $6 10. Rxd1 Bf5 11. Bd3 $16) (9... Qa5+
$6 10. Qd2 Qxe5 11. O-O-O $36) 10. Qxd8+ Rxd8 11. Bxa7 (11. c3 a6 12. Bb6 Rd7
13. Bc4 e6 14. Ke2 $13) 11... Bxc2 12. Bb6 Ra8 13. Bc4 e6 14. f3 Ra4 $1 15. b3
Bb4+ 16. Ke2 Ra3 17. Bd4 (17. Bd3 $6 Bxd3+ 18. Kxd3 Ra6 $1 {/\ Ke8-d7=/+})
17... O-O 18. Bb2 Raa8 19. a3 Be7 20. Rhc1 Bg6 21. Rd1 Rfb8 $1 $15 22. b4 Kf8
23. Bb3 Ke8 24. Rd4 b5 25. Rdd1 Rc8 26. Rdc1 c5 27. bxc5 Rxc5 28. Rxc5 Bxc5 29.
a4 bxa4 30. Bxa4+ Kf8 31. Bc3 h5 32. Bc6 Rxa1 33. Bxa1 Bg1 34. h3 Bh2 35. Ke3
Bc2 36. f4 Bg1+ 37. Ke2 Bb3 38. Bc3 1/2-1/2